000 00342nam a2200133Ia 4500
008 151001s9999||||xx |||||||||||||| ||und||
100 _aनिरंजन घाटे
245 _aद किलर लेडीज
250 _a1
260 _bप्राजक्ता
260 _c2001
300 _a252
365 _b21
999 _c978574
_d978571